Playing for Keeps / (Record no. 1057)

MARC details
000 -LEADER
fixed length control field 00828nam a22002657a 4500
005 - DATE AND TIME OF LATEST TRANSACTION
control field 20240927134253.0
020 ## - INTERNATIONAL STANDARD BOOK NUMBER
International Standard Book Number 9780439738576
040 ## - CATALOGING SOURCE
Original cataloging agency FISKH
Language of cataloging eng
Transcribing agency FISKH
Modifying agency FISKH
050 ## - LIBRARY OF CONGRESS CALL NUMBER
Classification number PZ7.B78973
082 ## - DEWEY DECIMAL CLASSIFICATION NUMBER
Classification number 823.92
100 ## - MAIN ENTRY--PERSONAL NAME
Personal name Brooke, Lauren
245 ## - TITLE STATEMENT
Title Playing for Keeps /
Statement of responsibility, etc. by Lauren Brooke author of the Heartland series
250 ## - EDITION STATEMENT
Edition statement First Printing, May 2006.
260 ## - PUBLICATION, DISTRIBUTION, ETC.
Place of publication, distribution, etc. New York :
Name of publisher, distributor, etc. Scholastic,
Date of publication, distribution, etc. 2006.
300 ## - PHYSICAL DESCRIPTION
Extent 204 pages :
Dimensions 20 cm .
490 ## - SERIES STATEMENT
Series statement Chestnut Hill
505 ## - FORMATTED CONTENTS NOTE
Formatted contents note W <br/>
520 ## - SUMMARY, ETC.
Summary, etc. Lani must convince her parents not to have her transferred from Chestnut Hill to another school.
521 ## - TARGET AUDIENCE NOTE
Target audience note 880 <br/>
Source Lexile <br/>
521 ## - TARGET AUDIENCE NOTE
Target audience note W <br/>
Source Raz-Plus <br/>
650 ## - SUBJECT ADDED ENTRY--TOPICAL TERM
Topical term or geographic name entry element animals
Form subdivision horses
General subdivision Animals Horses
650 ## - SUBJECT ADDED ENTRY--TOPICAL TERM
Topical term or geographic name entry element horses
Form subdivision animals
General subdivision Animals Horses
942 ## - ADDED ENTRY ELEMENTS (KOHA)
Source of classification or shelving scheme Dewey Decimal Classification
Koha item type Books
Suppress in OPAC No
999 ## -
-- 1057
-- 1057
Holdings
Withdrawn status Lost status Source of classification or shelving scheme Damaged status Not for loan Collection Home library Current library Shelving location Date acquired Total Checkouts Full call number Barcode Date last seen Date last checked out Copy number Price effective from Koha item type
    Dewey Decimal Classification     Juvenile Fiction Footprints International School Library Network Toul Kork Campus Footprints International School Library Network Toul Kork Campus A TK Campus, 4th Floor, Room B401, Fiction Bookcases (1-6) 07/19/2023 1 BRO 823.92 PZ7.B78973 FISTK00013 10/31/2024 10/31/2024 1 07/19/2023 Books
    Dewey Decimal Classification     Juvenile Fiction Footprints International School Library Network Toul Kork Campus Footprints International School Library Network Toul Kork Campus TTP Secondary Fiction Bookshelves 07/19/2023   BRO 823.92 PZ7.B78973 FIS02884 09/27/2024   2 07/19/2023 Books